Pretlačovanie bimetalických výrobkov

Enregistré dans:
Détails bibliographiques
Auteur principal: Juráš, Adrián (Auteur)
Autres auteurs: Schrek, Alexander (Directeur de thèse)
Format: Manuscrit Livre
Langue:slovaque
Publié: 2025
Sujets:
Accès en ligne:http://is.stuba.sk/zp/portal_zp.pl?podrobnosti=185726
Tags: Ajouter un tag
Pas de tags, Soyez le premier à ajouter un tag!

MARC

LEADER 00000ntm a22000003a 4500
001 stuzp105612
003 SK-STU
005 20250621210601.9
007 ta
008 150427s2015----xo-----f-mn---000-0-slo-d
040 |a STU  |b slo 
041 0 |a slo 
100 1 |a Juráš, Adrián  |u 020050  |4 aut  |U SjF Strojnícka fakulta  |T SjF Ústav technológií a materiálov  |X 110681  |U J0050  |Y 803  |7 110681 
242 0 1 |a Extrusion of bimetallic products  |y eng 
245 1 0 |a Pretlačovanie bimetalických výrobkov 
260 |c 2025 
650 4 |a bimetalický polotovar  |2 slo 
650 4 |a tvárnenie  |2 slo 
650 4 |a odporové spájkovanie  |2 slo 
650 4 |a bimetallic element  |2 eng 
650 4 |a Cold forming  |2 eng 
650 4 |a resistance element soldering  |2 eng 
700 1 |a Schrek, Alexander  |u 020050  |k Z1  |4 ths  |U SjF Strojnícka fakulta  |T SjF Ústav technológií a materiálov  |X 2319  |U J0050  |Y 803  |7 A000002319 
856 4 |u http://is.stuba.sk/zp/portal_zp.pl?podrobnosti=185726